[Event "Reno Far West op"]
[Site "Reno"]
[Date "2004.04.11"]
[Round "6"]
[White "Setzepfandt, Alexander"]
[Black "Ryba, David"]
[Result "1-0"]
[WhiteElo "2123"]
[BlackElo "2000"]
[PlyCount "139"]
[EventDate "2004.04.09"]
[EventType "swiss"]
[EventRounds "6"]
[EventCountry "USA"]
[SourceTitle "EXT 2009"]
[Source "ChessBase"]
[SourceDate "2008.11.26"]
[SourceVersion "1"]
[SourceVersionDate "2008.11.26"]
[SourceQuality "1"]

1. e4 d6 2. d4 Nf6 3. Nc3 g6 4. Be3 Bg7 5. f3 c6 6. Qd2 h6 7. Bc4 b5 8. Bb3 a5 9. a4 b4 10. Nd1 Ba6 11. h4 Nbd7 12. g4 e5 13. c3 c5 14. Nf2 Rb8 15. Bd1 bxc3 16. bxc3 Qb6 17. Bc2 cxd4 18. cxd4 Qb4 19. d5 Nc5 20. Ne2 Nfd7 21. Rb1 Qxd2+ 22. Kxd2 0-0 23. Nc3 Rb4 24. Na2 Rbb8 25. Nc3 Nb6 26. Bxc5 Nc4+ 27. Kc1 Rxb1+ 28. Bxb1 dxc5 29. Bd3 Rb8 30. Nfd1 Rb3 31. Rh2 Bf6 32. Kc2 Rb4 33. Kc1 Rb3 34. Kc2 Rb4 35. Kc1 Bc8 36. Bxc4 Rxc4 37. Kc2 Bd7 38. Nb2 Rb4 39. Nd3 Bxa4+ 40. Nxa4 Rxa4 41. Kb3 Rd4 42. Nxc5 Be7 43. Nd7 a4+ 44. Kc2 a3 45. Kc3 f6 46. g5 hxg5 47. hxg5 fxg5 48. Nxe5 Ra4 49. Kb3 Rb4+ 50. Ka2 Bf6 51. Nc6 Ra4 52. e5 Bg7 53. d6 Bxe5 54. Nxe5 Rd4 55. d7 Kg7 56. Kxa3 Kf6 57. Rh8 Kxe5 58. d8Q Rxd8 59. Rxd8 Kf4 60. Rf8+ Kg3 61. Kb3 g4 62. fxg4 Kxg4 63. Kc3 g5 64. Kd3 Kg3 65. Ke2 g4 66. Kf1 Kh3 67. Kg1 Kg3 68. Re8 Kh3 69. Re3+ g3 70. Rb3 1-0